Congress and War Crisis (Record no. 224416)
[ view plain ]
| 000 -LEADER | |
|---|---|
| fixed length control field | 00544nam a22001937a 4500 |
| 005 - DATE AND TIME OF LATEST TRANSACTION | |
| control field | 20220803142407.0 |
| 008 - FIXED-LENGTH DATA ELEMENTS--GENERAL INFORMATION | |
| fixed length control field | 220803b ||||| |||| 00| 0 eng d |
| 040 ## - CATALOGING SOURCE | |
| Transcribing agency | AL |
| 041 ## - LANGUAGE CODE | |
| Language code of text/sound track or separate title | English |
| 082 ## - DEWEY DECIMAL CLASSIFICATION NUMBER | |
| Edition number | 23 |
| Classification number | 940.5354 |
| Item number | ALLC |
| 100 ## - MAIN ENTRY--PERSONAL NAME | |
| Personal name | All India congress committee |
| 100 ## - MAIN ENTRY--PERSONAL NAME | |
| 9 (RLIN) | 54631 |
| 245 ## - TITLE STATEMENT | |
| Title | Congress and War Crisis |
| 260 ## - PUBLICATION, DISTRIBUTION, ETC. | |
| Place of publication, distribution, etc. | Allahabad |
| Name of publisher, distributor, etc. | All India Congress Committee |
| Date of publication, distribution, etc. | 1939 |
| 300 ## - PHYSICAL DESCRIPTION | |
| Extent | 179 p. |
| Other physical details | PB |
| Dimensions | 21x13 cm. |
| 650 ## - SUBJECT ADDED ENTRY--TOPICAL TERM | |
| Topical term or geographic name entry element | Congress |
| 9 (RLIN) | 54632 |
| 650 ## - SUBJECT ADDED ENTRY--TOPICAL TERM | |
| Topical term or geographic name entry element | War |
| 9 (RLIN) | 54633 |
| 700 ## - ADDED ENTRY--PERSONAL NAME | |
| Personal name | ALL INDIA CONGRESS COMMITTEE |
| 9 (RLIN) | 54634 |
| 942 ## - ADDED ENTRY ELEMENTS (KOHA) | |
| Source of classification or shelving scheme | Dewey Decimal Classification |
| Koha item type | George Fernandes Collections |
| Withdrawn status | Lost status | Source of classification or shelving scheme | Damaged status | Not for loan | Collection code | Home library | Current library | Date acquired | Total Checkouts | Full call number | Barcode | Date last seen | Price effective from | Koha item type |
|---|---|---|---|---|---|---|---|---|---|---|---|---|---|---|
| Dewey Decimal Classification | History | St Aloysius Library | St Aloysius Library | 03/23/2013 | 940.5354 ALLC | GF01337 | 08/03/2022 | 08/03/2022 | George Fernandes Collections |